000 00912nam a22003137a 4500
001 BR8805883
003 BR-BrBNA
005 20230928093030.0
007 ta
008 230509b bl.||||| |||| 00| 0 por d
040 _aBR-BrBNA
_bpor
_cBiblioteca Nacional de Agricultura
041 _a(Por)
072 _aF01; E50
_b0230
090 _ 0230 BR8805883
100 1 _aMeirelles, C.E.
100 1 _aRobin, P.
100 1 _aLima, V.E. de
110 1 _aFundacao Jorge Duprat Figueiredo de Seguranca e Medicina do Trabalho, Sao Paulo, SP (Brasil)
_94980
245 1 _aManual de seguranca na cultura da cana-de-acucar
260 3 _aSao Paulo, SP (Brasil):
_c1984.
300 _a37 p.
500 _a40 illus.; 26 ref.
650 _aCANA DE ACUCAR
650 _aPRATICA CULTURAL
650 _aDEFESA VEGETAL
650 _aPREVENCAO DE ACIDENTE
909 _a202309
_bLucia
_c55
_dLucia Elande
942 _cBK
999 _c42611
_d42611